LEADER 01159nam 2200337Ia 450 001 996386825103316 005 20200824132207.0 035 $a(CKB)4940000000081556 035 $a(EEBO)2240869279 035 $a(OCoLC)ocm14472507e 035 $a(OCoLC)14472507 035 $a(EXLCZ)994940000000081556 100 $a19861022d1642 uy | 101 0 $aeng 135 $aurbn||||a|bb| 200 10$aCritica sacra$b[electronic resource] $eobservations on all the radices or primitive Hebrew words of the Old Testament in order alphabeticall ... /$fby Edward Leghe .. 210 $aLondon $cPrinted by G.M. for Thomas Underhill ...$d1642 215 $a[16], 573, [41] p 300 $aReproduction of original in the University of Illinois (Urbana-Champaign Campus). Library. 320 $aIncludes bibliographical references and indexes. 330 $aeebo-0167 606 $aHebrew language$xRoots 615 0$aHebrew language$xRoots. 700 $aLeigh$b Edward$f1602-1671.$0792090 801 0$bEAG 801 1$bEAG 801 2$bWaOLN 906 $aBOOK 912 $a996386825103316 996 $aCritica sacra$92351385 997 $aUNISA LEADER 01405nam 2200457 450 001 9910580258003321 005 20221215142251.0 010 $a1-119-70739-0 010 $a1-119-70736-6 010 $a1-119-70737-4 035 $a(MiAaPQ)EBC7016646 035 $a(Au-PeEL)EBL7016646 035 $a(CKB)23842932100041 035 $a(EXLCZ)9923842932100041 100 $a20221215d2022 uy 0 101 0 $aeng 135 $aurcnu|||||||| 181 $ctxt$2rdacontent 182 $cc$2rdamedia 183 $acr$2rdacarrier 200 10$aFuel additives $echemistry and technology /$fRobert D. Tack 210 1$aHoboken, New Jersey :$cJW-Wiley,$d[2022] 210 4$dİ2022 215 $a1 online resource (366 pages) 311 08$aPrint version: Tack, Robert D. Fuel Additives Newark : John Wiley & Sons, Incorporated,c2022 9781119707417 320 $aIncludes bibliographical references and index. 606 $aMotor fuels$xAnalysis 606 $aMotor fuels$xAdditives 606 $aMotor fuel additives industry 615 0$aMotor fuels$xAnalysis. 615 0$aMotor fuels$xAdditives. 615 0$aMotor fuel additives industry. 676 $a629.25/38 700 $aTack$b Robert D.$01245317 801 0$bMiAaPQ 801 1$bMiAaPQ 801 2$bMiAaPQ 906 $aBOOK 912 $a9910580258003321 996 $aFuel Additives$92888230 997 $aUNINA